000 00517nam a2200181 a 4500
005 20231021063602.0
008 991125s1977 bue 000 0 spa u
035 _aUPN01000009616
049 _aCG
050 4 _aLB1049
_bK3.28
100 1 _aKampmüller, Otto
245 1 0 _aCómo obtener éxito en el estudio /
_cOtto Kampmüller ; tr. Juan Thomas.
260 _aBuenos Aires :
_bKapelusz,
_c1977.
300 _a118 p.
440 0 _aRelaciones humanas ;
_v107
650 4 _aMétodos de estudio
_94280
905 _aLibro
999 _c9616
_d9616